000 00880nam a2200253Ia 4500
003 OSt
005 20221005112931.0
006 a|||||r|||| 00| 0
007 ta
008 221004b |||||||| |||| 00| 0 pan d
020 _a8175990929 (hbk)
_c85
024 _a96298
037 _b72875, 31/12/2008, Arsee Publishers
_cTextual
040 _aCRL
_cCRL
_bpan
041 _2pan
_apan
082 _aO153,1N32w, P0
100 _aਚੰਦਨ, ਅਮਰਜੀਤ
245 0 _aਹੁਣ ਖਿਣ
_b ਮੋਹਨ ਕਾਦਰੀ ਨਾਲ ਬਚਨ ਬਿਲਾਸ
260 _aਦਿੱਲੀ
_bਨਵਯੁਗ ਭਾਰਤ
_c2000
300 _a112ਪੰ
_ccm.
650 _aਪੰਜਾਬੀ ਸਾਹਿਤ
942 _hO153,1N32w, P0
_cTEXL
_2cc
999 _c1026477
_d1026477